NBA Quiz - Statistics

General Stats
  • This quiz has been taken 2,340 times
  • The average score is 13 of 15
Answer Stats
Answer % Correct
Malik Monk 1
99%
Cp3 3
99%
LeBron 23
98%
Westbrook 0
96%
Harden 13
94%
Paul George 13
94%
Steph Curry 30
93%
Kyrie 11
91%
Carmelo 7
86%
Joel embiid 21
81%
Hassan whiteside 21
81%
Vince Carter 15
78%
Demar derozen 10
73%
Justin Jackson 25
56%
Harrison Barnes 40
40%
No matching quizzes found
Score Distribution
Percent of People with Each Score
Percentile by Number Answered
Your Score History
You have not taken this quiz